| 000 | 00611nam a22001937a 4500 | ||
|---|---|---|---|
| 005 | 20251108165422.0 | ||
| 008 | 250721s1982 xx 000 0 ara d | ||
| 082 | 1 | 4 | _aم/956/أحم |
| 100 | 1 | _aشلبي، أحمد | |
| 245 | 1 | 0 |
_aموسوعة النظم و الحضارة الإسلامية : _bالسياسة و الفكر الاسلامي / |
| 250 | _aط2 | ||
| 264 | 1 |
_aالقاهرة : _bمكتبة النهضة المصرية، _c1982. |
|
| 300 | _a10ج | ||
| 650 | 1 | 7 | _aالعرب |
| 650 | 1 | 7 | _aالتاريخ |
| 650 | 1 | 7 | _aالحضارة الإسلامية |
| 942 |
_2ddc _cREF |
||
| 999 |
_c27461 _d27461 |
||